000 00470cam a2200181ua 4500
003 OSt
008 220210b ||||| |||| 00| 0 eng d
020 _a81 7099 250 5
041 _aeng
082 _a028.73631
_bSOM/DI
100 _aSomani, L L .
_91568
245 _aDictionary of agricultural engineering and technology Part-8 /
250 _a1 /
260 _a :
_bMittal Publications ,
_c1991.
300 _a304 ; .
500 _a18633 Ref
942 _cBK
999 _c7794
_d7794